| 000 | 01104cam a2200337 i 4500 | ||
|---|---|---|---|
| 001 | 016236724 | ||
| 003 | EG-ScBUE | ||
| 005 | 20230329110856.0 | ||
| 008 | 121221t2013 enka f bd 001 0 eng d | ||
| 020 | _a1908150963 (pbk.) | ||
| 020 | _a9781908150967 (pbk.) | ||
| 040 |
_aStDuBDS _beng _erda _cStDuBDS _dEG-ScBUE |
||
| 082 | 0 | 4 |
_a778.936 _bLAN _222 |
| 245 | 0 | 0 |
_aLandscape / _ceditor-in-chief Michael Freeman with Gary Eastwood. |
| 264 | 1 |
_aLewes, Sussex : _bIlex, _c[2013] |
|
| 264 | 4 | _cc2013 | |
| 300 |
_a160 pages : _bcolor illustrations ; _c24 cm. |
||
| 336 |
_2rdacontent _atext _btxt |
||
| 337 |
_2rdamedia _aunmediated _bn |
||
| 338 |
_2rdacarrier _avolume _bnc |
||
| 490 | 0 | _aMichael Freeman's photo school | |
| 500 | _aIncludes glossary. | ||
| 504 | _aIncludes bibliographical references and index. | ||
| 650 | 7 |
_aLandscape photography _xTechnique. _2BUEsh |
|
| 651 | _2BUEsh | ||
| 653 |
_bCOMAME _cJune2015 _cAugust2015 |
||
| 655 | _vReading book | ||
| 700 | 1 |
_aFreeman, Michael, _d1945-, _eeditor. _938165 |
|
| 700 | 1 |
_aEastwood, Gary, _eeditor. |
|
| 942 |
_2ddc _k778.936 LAN _cBB |
||
| 999 |
_c19770 _d19742 |
||